Election of 1856 Trivia - Statistics

General Stats
  • This quiz has been taken 24 times
  • The average score is 18 of 26
Answer Stats
Hint Answer % Correct
Their party Democrat
100%
Victor James Buchanan
94%
Former president who won one state Millard Fillmore
94%
Their party Republican
94%
Soil
94%
Their party Know Nothing
88%
Men
88%
Their home state New York
88%
Opponent John C Fremont
82%
The single state he won Maryland
82%
Their home state Pennsylvania
82%
"War" that was ongoing at the time Bleeding Kansas
71%
Their home state California
71%
Their running mate John C Breckinridge
71%
Liberty
71%
State with the largest margin (57%) Vermont
71%
Whig
65%
Kansas-Nebraska Act
53%
The 4 Values in the opponents slogan "Free___, Free____, Free_____, Free____" Speech
53%
State with the smallest margin (3%) Louisiana
47%
Their running mate William L Dayton
47%
Their running mate Andrew J Donelson
41%
Press
35%
Major third parties North American
29%
North American Seceders
29%
Major Acts that the new 2nd largest party focused on Missouri Compromise
18%
No matching quizzes found
Score Distribution
Percent of People with Each Score
Percentile by Number Answered
Your Score History
You have not taken this quiz